Paul Krugman: integrácia v ekonomickej vede - nositeľ Nobelovej ceny 2008

Saved in:
Bibliographic Details
Main Author: Buček, Milan
Other Authors: Štofko, Michal
Format: Book Chapter
Language:Slovak
Subjects:
Tags: Add Tag
No Tags, Be the first to tag this record!

MARC

LEADER 00000nla$a2200000$$$4500
001 0109262
005 20240502072216.2
041 0 |a slo 
044 |a SK 
245 1 0 |a Paul Krugman: integrácia v ekonomickej vede - nositeľ Nobelovej ceny 2008  |c Milan Buček, Michal Štofko 
500 |a Prezentácia 
610 2 0 |a ekonómovia 
610 2 0 |a USA 
610 2 0 |a Nobelova cena 
100 1 |a Buček, Milan 
700 1 |a Štofko, Michal